Indian's foreign policy in 21st century / (Record no. 81358)

MARC details
000 -LEADER
fixed length control field 00937nam a22002537a 4500
005 - DATE AND TIME OF LATEST TRANSACTION
control field 20170504152917.0
010 ## - LCCN (DPL NO)
LC control number ENG-108929
020 ## - INTERNATIONAL STANDARD BOOK NUMBER
International Standard Book Number 9789381234136
Terms of availability 1195.00
035 ## - SYSTEM CONTROL NUMBER
System control number EN-92462
035 ## - SYSTEM CONTROL NUMBER
System control number B-534653-656
035 ## - SYSTEM CONTROL NUMBER
System control number B-667861
037 ## - SOURCE OF ACQUISITION
Source of stock number/acquisition DBAD/PUB
037 ## - SOURCE OF ACQUISITION
Source of stock number/acquisition Star Pub/Ven
Stock number dpl
082 ## - DEWEY DECIMAL CLASSIFICATION NUMBER
Classification number 327.54
100 ## - MAIN ENTRY--PERSONAL NAME
Personal name Ravi, Ranjan
245 ## - TITLE STATEMENT
Title Indian's foreign policy in 21st century /
Statement of responsibility, etc by Ravi Ranjan
260 ## - PUBLICATION, DISTRIBUTION, ETC. (IMPRINT)
Place of publication, distribution, etc New Delhi
Name of publisher, distributor, etc Ankit Publications
Date of publication, distribution, etc 2013
270 ## - ADDRESS
Address R-69, 3rd Floor, Model Town -lll
City New Delhi
Postal code 110009
300 ## - PHYSICAL DESCRIPTION
Extent 360p.
Dimensions 22cm(Hb)
500 ## - GENERAL NOTE
General note Includes bibliographical references and index
942 ## - ADDED ENTRY ELEMENTS (KOHA)
Source of classification or shelving scheme Dewey Decimal Classification
Item type English Books
Call number suffix RAV
Classification part 327.54
Holdings
Withdrawn status Lost status Not for loan Collection code Home library Current library Date acquired Source of acquisition Cost, normal purchase price Full call number Barcode Copy number Cost, replacement price Koha item type
      Non-fiction Ashok Vihar Ashok Vihar 04/05/2017 BPPD/EN/2013-14/AV/16-17/364/15.2.2017/SP/2277/3.3.2017/ 18.3.2017 1195.00 327.54 RAV B-667861 1 1195.00 English Books
      Non-fiction Bawana Bawana 22/07/2014 Star Pub/SP3360/27.03.2014/25.03.2014/29.03.2014 1195.00 327.54 RAV B-534656 1 1195.00 English Books
      Non-fiction Central Library Central Library 22/07/2014 Star Pub/SP3360/27.03.2014/25.03.2014/29.03.2014 1195.00 327.54 RAV B-534653 1 1195.00 English Books
    Not For Loan Non-fiction D.B.Act.Division D.B.Act.Division 20/12/2013 DBAD/PUB 1195.00 RAV EN-92462 1 1195.00 English Books
      Non-fiction Janak Puri Janak Puri 22/07/2014 Star Pub/SP3360/27.03.2014/25.03.2014/29.03.2014 1195.00 327.54 RAV B-534655 1 1195.00 English Books
      Non-fiction Patel Nagar Patel Nagar 22/07/2014 Star Pub/SP3360/27.03.2014/25.03.2014/29.03.2014 1195.00 327.54 RAV B-534654 1 1195.00 English Books

© Delhi Public Library
Hit Counter
free hit counter